| 000 | 00000nam##2200000za#4500 |
| 001 | 9.695890 |
| 003 | CaOODSP |
| 005 | 20210624234802 |
| 007 | cr ||||||||||| |
| 008 | 150407|1998||||xxc|||||o f|0| 0 eng|d |
| 040 | |aCaOODSP|beng |
| 043 | |an-cn--- |
| 086 | 1 |aNH15-205/1998E-PDF |
| 110 | 2 |aCanada Mortgage and Housing Corporation. |
| 245 | 10|aFarewell to cockroaches : |h[electronic resource]|bgetting rid of cockroaches the least toxic way |
| 260 | |aOttawa - Ontario : |bCanada Mortgage and Housing Corporation |cc1998. |
| 300 | |a29p.|bfig., illus. |
| 500 | |aThe catalogue number (NH15-205/1998E) and ISBN (0-662-26768-0) for the print edition have been incorrectly copied in this electronic publication. |
| 590 | |a12-29-Supp|b2012-06-25 |
| 690 | 07|aPests|2gcpds |
| 775 | 08|tAdieu coquerelles! : |w(CaOODSP)9.640010 |
| 856 | 40|ahttp://publications.gc.ca|qPDF|s634 KB|uhttps://publications.gc.ca/collections/Collection/NH15-205-1998E.pdf |